00392nam a2200121Ia 4500003000400000005001700004008004100021040001800062041000800080100005100088245009600139260003500235OSt20260127093840.0211028s2017 xx 000 0 und d cAIMIT LIBRARY aeng aPeris, Melanie Daphney;Dhananjaya, K.g1516084 aStudy on the factors influencing employee engagement with special reference to silk winds / aMangalorebDhananjaya K.c2017